01529nam a2200301 a 4500001001000000005001700010008004100027041000800068044000800076084002000084100004500104245018100149260003200330300002200362500020200384500006200586500016100648500005900809500003800868500001000906546002400916650005200940650005600992650003401048650004501082700005001127740005001177BRCA_324220190320204200.0110309s1811----enka---###---#000-0#eng-# aeng aenk a543b.S78c18111 aCervantes Saavedra, Miguel ded1547-161610aThe History and Adventures of the Renowned Don QuixotecTranslated from the Spanish of Miguel de Cervantes Saavedra by Dr. Smollett to which is Prefixed the Life of the Author. aLondresbJ. Stratfordc1811 a2 v.bil.c22 cm. aContenido : v.1. Primera parte. Advertencia del traductor. Prólogo del autor. Vida de Cervantes. -- v.2. Segunda parte. Prólodgo de Cervantes. Aprobaciones y licencia de la edición príncipe aEdición : Embellished with a Super Series of Engravings aReproducción de la traducción de Smollett. Similar a la edición publicada en 1755, por A. Millar. Piel; lomeras decoradas con dorados Lúdovik Osterc aEstado físico : Anotaciones manuscritas en la guarda aCon ex-libris de : John Charleton aQM800 aTexto en : inglés14aNovela españolayÉpoca clásica, 1500-170014aLiteratura españolayÉpoca clásica, 1500-170014aNovela españolaySiglo XVII14aDon Quijote (Personaje ficticio)eNovela1 aSmollett, Tobias Georged1721-1771eTraductor0 aEl Ingenioso Hidalgo Don Quijote de la Mancha